000 00699nam a22001817a 4500
003 BD-DhUL
005 20160908140549.0
008 160908s2001 bg ||||| |||| 00| 0 ben
040 _aBD-DhUL
_cBD-DhUL
082 _a954.92
_bRAE
100 1 _aরফিক, আহমদ
245 _aএকাত্তরে পাকবর্বরতার সংবাদভাষ্য /
_cআহমদ রফিক
260 _aঢাকা :
_bসময় প্রকাশন,
_c২০০১.
300 _a ২৬৫ পৃ.; (১৮):
_bচিত্র ;
_c২২ সেমি.
651 0 _aবাংলাদেশ
_x ইতিহাস
651 0 _aBabgladesh
_xHistory
942 _2ddc
_cBK
999 _c104829
_d104829